Pueblos originarios de Chile
Kaydedildi:
| Yazar: | |
|---|---|
| Materyal Türü: | Kitap |
| Dil: | İspanyolca |
| Baskı/Yayın Bilgisi: |
Santiago
Nativa Ediciones
2010
|
| Edisyon: | 4a. ed |
| Konular: | |
| Etiketler: |
Etiketle
Etiket eklenmemiş, İlk siz ekleyin!
|
MARC
| LEADER | 00000cam a2200000 a 4500 | ||
|---|---|---|---|
| 001 | UCG9629 | ||
| 003 | CL-VaPUC | ||
| 008 | 120323e20100000CL |||||||||||||||||spa|d | ||
| 020 | |a 9789563109856 | ||
| 082 | 0 | 4 | |a 983 |b BAR |2 21 |
| 100 | 0 | |a Barrientos Morales, Fresia |e author |9 561253 | |
| 245 | 1 | 0 | |a Pueblos originarios de Chile |
| 250 | |a 4a. ed | ||
| 300 | |a 155 p | ||
| 942 | |c BK | ||
| 945 | |d 20120323 00:00:00 |a dcastane | ||
| 260 | |a Santiago |b Nativa Ediciones |c 2010 | ||
| 650 | 0 | |a Historia de Chile |9 265473 | |
| 650 | 0 | |a Pueblos indígenas |9 357564 | |
| 650 | 7 | |a GRUPOS ETNICOS |2 CL-VaPUC |9 324200 | |
| 650 | 0 | |a Culturas precolombinas |9 408769 | |
| 650 | 0 | |a Culturas indígenas |9 266389 | |
| 583 | |a last modification |c 20120323 11:52:00 |k Rodrigo Vera | ||
| 999 | |c 347175 |d 347173 | ||